| 000 | 00367nam a2200133Ia 4500 | ||
|---|---|---|---|
| 008 | 240624s9999 xx 000 0 und d | ||
| 041 | _aeng | ||
| 082 | _a330.954 CHO | ||
| 100 | _aCHOUDHARY KAMESHWAR | ||
| 245 | _aGLOBALISATION GOVERNANCE REFORMS AND DEV | ||
| 260 |
_c2007 _aNew Delhi _bSage Publications |
||
| 300 | _axiii, : 552 : p. : cm. ; 24 | ||
| 365 |
_cRS _b30 |
||
| 999 |
_c14752 _d14752 |
||